Music Quiz

Random Music or Musical Quiz

Main Character by Musical Quiz Stats

 Plays Quiz not verified by Sporcle

Support Sporcle.
Go Orange.
Score 0/20 Timer 05:00
0 Plays Today
Musical % Correct
My Fair LadyEliza Doolittle
92.3%
Sound of MusicMaria von Trapp
92.3%
West Side StoryMaria
92.3%
Phantom of the OperaChristine Daaé
88.5%
WickedElphaba
88.5%
ChicagoRoxanne 'Roxie' Hart
84.6%
Les MiserablesJean Valjean
84.6%
The King and IAnna Leonowens
80.8%
OklahomaCurly
76.9%
CamelotKing Arthur
69.2%
Musical % Correct
GypsyRose
69.2%
Fiddler on the RoofTevye
65.4%
Anything GoesReno Sweeney
50%
South PacificNellie Forbush
46.2%
CompanyRobert
42.3%
CarouselBilly Bigelow
42.3%
Damn YankeesJoe Hardy
30.8%
Kiss Me KateLilli Vanessi
30.8%
ApplauseMargo Channing
15.4%
A Little Night MusicFredrik Egerman
11.5%

You're not logged in!

Compare scores with friends on all Sporcle quizzes.
OR
Log In

From the Vault

5 Pillars of Islam

by Mattchicago

These are the five duties incumbent on every Muslim, incredibly Sporcling does not make the list.
Remove Ads.
Support Sporcle.
Get the best of Sporcle when you Go Orange. This ad-free experience offers more features, more stats, and more fun while also helping to support Sporcle. Thank you for becoming a member.

Show Comments

Extras

Created Nov 10, 2011ReportNominate
Tags:Musical Quiz, Character

Top Quizzes Today


Score Distribution

Your Account Isn't Verified!

In order to create a playlist on Sporcle, you need to verify the email address you used during registration. Go to your Sporcle Settings to finish the process.

Report this User

Report this user for behavior that violates our Community Guidelines.

Details: